| 000 | 00860nam a22002417a 4500 | ||
|---|---|---|---|
| 999 |
_c14382 _d14382 |
||
| 003 | AR-CdUCM | ||
| 008 | 190423b ||||| |||| 00| 0 spa d | ||
| 020 | _a978-84-683-0376-5 | ||
| 040 |
_aMUNICIPALIDAD PROVINCIAL DEL CUSCO _cBIBLIOTECA MUNICIPAL DEL CUSCO |
||
| 041 | _hfre | ||
| 082 |
_aIP / 803 / _bP75 |
||
| 100 |
_aPol, Anne-Marie _933130 |
||
| 245 | _aLa princesa mentirosa / | ||
| 260 |
_aBarcelona : _bEdebé, _c2009. |
||
| 300 |
_a95 páginas ; _bIlustraciones, _c18 cm. |
||
| 440 |
_aLas 3 amigas _n6 _933131 |
||
| 505 | _aContenido: "Pétalo de nieve" -- In english -- Jade se resiste -- Recompensa(s) -- ...¡Y castigo! -- Falta la tercera ... -- Operación Jade ... | ||
| 650 |
_aLiteratura Infantil _9588 |
||
| 650 |
_aSiglo XXI _92856 |
||
| 700 |
_aCajal, Beatriu (traductor) _933132 |
||
| 942 |
_2ddc _cLIBROS |
||
| 945 |
_acmm _d2019-04-23 |
||